Date and Place - Indian Political Events - Statistics

General Stats
  • This quiz has been taken 29 times
  • The average score is 8 of 20
Answer Stats
Hint Answer % Correct
26th January, 1950, New Delhi Adoption of the Constitution, making India a Republic
100%
18th May, 1974, Pokhran, Rajasthan India tests its first major nuclear weapon in Pokhran, Rajasthan
74%
6th December, 1992, Ayodhya, Uttarpradesh The Babri Mosque demolition is conducted by Hindu extremists in Ayodhya which leads to over 10,000 people in the riots afterwards
67%
26th November, 2008, Mumbai Mumbai attacks take place in the Taj hotel
63%
3rd May, 26th July 1999, Line of Control, J & K The Kargil War is was fought between India and Pakistan in the Kargil district of Jammu and Kashmir and elsewhere along the Line of Control.
63%
7th January, 2002, Godhra, Gujarat Riots occur after 59 Hindu pilgrims returning from Ayodhya are killed in a train fire supposedly set by Musilims in Godhra, Gujarat
59%
21st May, 1991, Sriperumbudur, Tamil Nadu Former Prime Minister Rajiv Gandhi is assassinated by while campaigning in Tamil Nadu
52%
24th January, 1966, Raisina Hill, New Delhi Indira Gandhi becomes the 4th Prime Minister of India
52%
3 December, 1971, Ramna Race Course, Dakha 3rd Indo-Pak war. Ends with the formation of Bangladesh
48%
26th May, 2014, Raisina Hill, New Delhi Narendra Modi becomes the 14th Prime Minister of India
48%
21st May, 1987, Swiss Bank Accounts It is revealed that bribes have been paid by Bofors to Indian politicians, members of the Congress party, and bureaucrats
30%
9th June, 1964, Raisina Hill, New Delhi Lal Bahadur Shastri becomes Prime Minister of India after the death of Jawaharlal Nehru
30%
20th October, 1962, Ladakh and the McMahon Line Sino-Indian War begins
30%
12th November, 1969, Akbar Rd (Congress Headquarters), New Delhi The Congress splits into O and R, under Desai and Indira Gandhi respectively
22%
8th August, 2016, Across India The largest tax reform in India's history, the Goods and Services Tax (GST), is introduced
22%
3rd January, 1954, Mumbai Atomic Energy Establishment, Trombay is set up
19%
7th August, 1990, Mathura Rd, New Delhi The Mandal Commission, a mandate to "identify the socially or educationally backward classes" of India, is implemented.
15%
22nd August, 2017, Mathura Rd, New Delhi The Indian Supreme Court deems instant triple talaq (talaq-e-biddah) unconstitutional
11%
30th September, 2010, Mathura, Uttarpradesh The long-running Ayodhya dispute is settled in the Allahabad High Court
11%
March, 1963, Punjab The Green Revolution begins in India
4%
No matching quizzes found
Score Distribution
Percent of People with Each Score
Percentile by Number Answered
Your Score History
You have not taken this quiz